Динамометаморфические и метасоматические комплексы Уйменского прогиба (Горный Алтай) и их рудоносность: автореферат диссертации на соискание ученой степени кандидата геолого-минералогических наук; спец. 25.00.11

Manylion Llyfryddiaeth
Prif Awdur: Туркин Ю. А. Юрий Александрович
Awdur Corfforaethol: Томский политехнический университет (ТПУ)
Awduron Eraill: Мазуров А. К. Алексей Карпович (научный руководитель)
Crynodeb:Заглавие с титульного экрана
Электронная версия печатной публикации
Iaith:Rwseg
Cyhoeddwyd: Томск, 2009
Pynciau:
Mynediad Ar-lein:http://www.lib.tpu.ru/fulltext/a/2009/56.pdf
Fformat: MixedMaterials Electronig Llyfr
KOHA link:https://koha.lib.tpu.ru/cgi-bin/koha/opac-detail.pl?biblionumber=171420

MARC

LEADER 00000nlm0a2200000 4500
001 171420
005 20240823063159.0
035 |a (RuTPU)RU\TPU\book\185878 
090 |a 171420 
100 |a 20091204d2009 k y0rusy50 ca 
101 0 |a rus 
102 |a RU 
105 |a a dm 001zy 
135 |a drbn ---uucaa 
181 0 |a i  
182 0 |a b 
200 1 |a Динамометаморфические и метасоматические комплексы Уйменского прогиба (Горный Алтай) и их рудоносность  |e автореферат диссертации на соискание ученой степени кандидата геолого-минералогических наук  |e спец. 25.00.11  |f Ю. А. Туркин  |g Томский политехнический университет (ТПУ) ; науч. рук. А. К. Мазуров 
203 |a Текст  |c электронный 
210 |a Томск  |d 2009 
215 |a 1 файл (1239 Kb) 
300 |a Заглавие с титульного экрана 
300 |a Электронная версия печатной публикации 
337 |a Adobe Reader 
452 1 |0 (RuTPU)RU\TPU\book\178885  |t Динамометаморфические и метасоматические комплексы Уйменского прогиба (Горный Алтай) и их рудоносность  |o автореферат диссертации на соискание ученой степени кандидата геолого-минералогических наук  |o спец. 25.00.11  |f Ю. А. Туркин  |g Томский политехнический университет (ТПУ) ; науч. рук. А. К. Мазуров  |c Томск  |n Б.и.  |d 2009  |p 21 с.  |a Туркин, Юрий Александрович 
606 1 |a Урановые месторождения  |2 stltpush  |3 (RuTPU)RU\TPU\subj\63189  |9 80225 
610 1 |a геология 
610 1 |a Горный Алтай 
610 1 |a Уйменский прогиб 
610 1 |a тектоническая структура 
610 1 |a геологическое строение 
610 1 |a динамометаморфизм 
610 1 |a тектоно-метасоматические образования 
610 1 |a урановое оруднение 
610 1 |a локализация 
610 1 |a формирование 
610 1 |a количественное прогнозирование 
610 1 |a поисковые критерии 
610 1 |a стадийность 
610 1 |a авторефераты диссертаций 
610 1 |a электронный ресурс 
675 |a 553.495(04)  |v 3 
686 |a 25.00.11  |2 oksvnk 
700 1 |a Туркин  |b Ю. А.  |g Юрий Александрович 
702 1 |a Мазуров  |b А. К.  |c горный инженер геолог  |c профессор-консультант Томского политехнического университета, доктор геолого-минералогических наук  |f 1951-  |g Алексей Карпович  |x TPU  |y Томск  |3 (RuTPU)RU\TPU\pers\26068  |4 727  |9 11906 
712 0 2 |a Томский политехнический университет (ТПУ)  |c (1991- )  |3 (RuTPU)RU\TPU\col\376 
801 1 |a RU  |b 63413507  |c 20091204 
801 2 |a RU  |b 63413507  |c 20120327  |g RCR 
856 4 |u http://www.lib.tpu.ru/fulltext/a/2009/56.pdf 
942 |c CF